00547nam a2200157 a 450000100100000000500170001000800410002702000180006804000250008610000440011124500430015526000400019830000290023895201050026799900170037200003917920201002031530.0130606s2012 dr a 000 0 spa d a9789945006421 aDO-SdBNPbspacBNPHU1 aJesús Rodríguez, Emmanuel de96537610a24 /cEmmanuel de Jesús Rodríguez. aSanto Domingo :bCentenario,c2012. a214 p. :bils. ;c25 cm. 0010718PDaPDbPDcCTd2013-06-06iLF1l0o p39179-10r2020-06-25w2020-06-25yLFPDZNo se presta c38669d38669